Массовое сознание. Стуктура. Генезис. Сущностные характеристики (Вопросы теории и методологии); Книга 1

Dettagli Bibliografici
Autore principale: Кириллов Н. П. Николай Петрович
Altri autori: Корниенко А. А. Алла Александровна (редактор)
Riassunto:Монография посвящена вопросам теории массового сознания. В предлагаемой вниманию читателя работе исследуются вопросы социальной природы и сущност­ных характеристик феномена массы как формы локальной социальной общности. Анализируются социальные характеристики массового сознания. Уточняется место массового сознания в структуре общественного сознания. Исследуются механизмы социальной обусловленности в развитии массового сознания. Автор исследует мифологизацию, политизацию и секуляризацию массового сознания, раскрывает взаимодействие идеологии и массового сознания. Кроме того, в монографии анализируются вопросы морфологии массового сознания, формируют­ся методологические основания структурирования этого сложнейшего феномена, а также исследуются некоторые элементы концептуальнологической структуры массового сознания. Книга послужит не только тем, чьи исследовательские интересы ориентированы на сферу массового сознания, но и всем, интересующимся проблемами социальной философии. Монография может быть использована в качестве учебного пособия
Lingua:russo
Pubblicazione: Томск, Изд-во томского университета, 1994
Soggetti:
Natura: Libro
KOHA link:https://koha.lib.tpu.ru/cgi-bin/koha/opac-detail.pl?biblionumber=20559

MARC

LEADER 00000nam0a2200000 4500
001 20559
005 20240724131207.0
035 |a (RuTPU)RU\TPU\book\20743 
035 |a BOOK00005432 
090 |a 20559 
100 |a 20011209d1994 k y0rusy50 ca 
101 0 |a rus 
102 |a RU 
105 |a y z 000zy 
200 1 |a Массовое сознание. Стуктура. Генезис. Сущностные характеристики (Вопросы теории и методологии)  |f Н. П. Кириллов  |g под ред. А. А. Корниенко  |h Книга 1 
210 |d 1994  |a Томск  |c Изд-во томского университета 
215 |a 142 с. 
330 |a Монография посвящена вопросам теории массового сознания. В предлагаемой вниманию читателя работе исследуются вопросы социальной природы и сущност­ных характеристик феномена массы как формы локальной социальной общности. Анализируются социальные характеристики массового сознания. Уточняется место массового сознания в структуре общественного сознания. Исследуются механизмы социальной обусловленности в развитии массового сознания. Автор исследует мифологизацию, политизацию и секуляризацию массового сознания, раскрывает взаимодействие идеологии и массового сознания. Кроме того, в монографии анализируются вопросы морфологии массового сознания, формируют­ся методологические основания структурирования этого сложнейшего феномена, а также исследуются некоторые элементы концептуальнологической структуры массового сознания. Книга послужит не только тем, чьи исследовательские интересы ориентированы на сферу массового сознания, но и всем, интересующимся проблемами социальной философии. Монография может быть использована в качестве учебного пособия 
610 1 |a психология 
610 1 |a социология 
610 1 |a массовое сознание 
610 1 |a структура 
610 1 |a генезис 
610 1 |a труды учёных ТПУ 
686 |a Ю955  |2 rubbk 
686 |a С55.57  |2 rubbk 
700 1 |a Кириллов  |b Н. П.  |c российский философ  |c доктор философских наук, профессор Томского политехнического университета  |c член-корреспондент Сибирского отделения Академии наук высшей школы  |c академик Академии проблем качества РФ  |f 1939-  |g Николай Петрович  |3 (RuTPU)RU\TPU\pers\21962  |9 9281 
702 1 |a Корниенко  |b А. А.  |c российский философ  |c профессор Томского политехнического университета  |c заведующая кафедрой философии  |f 1941-  |g Алла Александровна  |4 340 
801 0 |a RU  |b 63413507  |c 20011209  |g PSBO 
801 2 |a RU  |b 63413507  |c 20220427  |g PSBO 
942 |c BK